000 00399nam a22001457a 4500
005 20170807092300.0
008 170807b xxu||||| |||| 00| 0 eng d
022 _a04304055
040 _cPK-LaUMT
082 _aZIAC 297.05
_bFIK-
245 _aFikr o nazar (Vol- 1, 2 ,3 No.50)/
260 _aاسلام آباد:
_bادارہ تحقیقات اسلامی،
_c2012
300 _a195 ص
942 _cBK
999 _c96509
_d96509